[Event "SVK-chT1W 0910"]
[Site "Slovakia"]
[Date "2009.11.15"]
[Round "4.1"]
[White "Nemeth, Daniel"]
[Black "Puchart, Vladimir"]
[Result "1/2-1/2"]
[WhiteElo "1945"]
[BlackElo "2047"]
[PlyCount "84"]
[EventDate "2009.10.17"]
[EventType "team"]
[EventRounds "11"]
[EventCountry "SVK"]
[SourceTitle "EXT 2011"]
[Source "ChessBase"]
[SourceDate "2010.11.26"]
[SourceVersion "1"]
[SourceVersionDate "2010.11.26"]
[SourceQuality "1"]
[WhiteTeam "Nove Zamky Basta"]
[BlackTeam "Trnava Lokomotiva"]
[WhiteTeamCountry "SVK"]
[BlackTeamCountry "SVK"]

1. e4 c5 2. Nc3 a6 3. g3 Nc6 4. Bg2 g6 5. d3 Bg7 6. Be3 Nd4 7. Qd2 e6 8. Nge2 Ne7 9. 0-0 0-0 10. Nc1 Rb8 11. Nd1 b6 12. c3 Ndc6 13. Bh6 d5 14. Bxg7 Kxg7 15. Qe2 e5 16. f4 d4 17. f5 Ng8 18. g4 Qh4 19. Qf3 Nf6 20. Nf2 h5 21. h3 Rh8 22. Ne2 Bd7 23. Qg3 hxg4 24. hxg4 gxf5 25. gxf5+ Qxg3 26. Nxg3 Rbg8 27. Bf3 Kf8 28. Kg2 Nh5 29. Bxh5 Rxh5 30. Rh1 Rhg5 31. Rh3 Nb8 32. Kf3 Bc6 33. Rg1 Nd7 34. Rh6 Bb7 35. Nh3 Rg4 36. Ne2 Rxg1 37. Nexg1 Ke7 38. Ne2 Nf6 39. Rh4 Rd8 40. c4 b5 41. b3 Bc6 42. Nf2 Rb8 1/2-1/2

[Event "SVK-chT2B 0809"]
[Site "Slovakia"]
[Date "2009.02.28"]
[Round "10.7"]
[White "Botto, Vladimir"]
[Black "Nemeth, Daniel"]
[Result "1/2-1/2"]
[WhiteElo "2047"]
[BlackElo "1721"]
[PlyCount "62"]
[EventDate "2008.10.11"]
[EventType "team-tourn"]
[EventRounds "11"]
[EventCountry "SVK"]
[SourceTitle "EXT 2010"]
[Source "ChessBase"]
[SourceDate "2010.11.25"]
[SourceVersion "1"]
[SourceVersionDate "2010.11.25"]
[SourceQuality "1"]
[WhiteTeam "Topolcianky SK"]
[BlackTeam "Nove Zamky Basta II"]
[WhiteTeamCountry "SVK"]
[BlackTeamCountry "SVK"]

1. c4 e6 2. g3 d5 3. Bg2 Nf6 4. Nh3 Bd6 5. 0-0 c6 6. d3 0-0 7. e4 Nbd7 8. f4 Ne8 9. e5 Be7 10. cxd5 cxd5 11. d4 f6 12. Be3 Nb6 13. b3 Bd7 14. a4 a5 15. Qd3 Nc7 16. Bd2 Be8 17. Na3 Bg6 18. Qe3 Qd7 19. Rfc1 Nc8 20. Bf1 b6 21. Nf2 Na7 22. Bd3 fxe5 23. Bxg6 hxg6 24. Qxe5 Bd6 25. Qe3 Rf5 26. Nc2 Raf8 27. Rf1 g5 28. Nd3 gxf4 29. gxf4 Nc6 30. Rf2 Qf7 31. Raf1 Ne8 1/2-1/2